000 02973nmm a22002537a 4500
003 UAHC
005 20260417152941.0
008 260417s2024 cl |||| o||d 000 spa
040 _aUAHC
_cUAHC
100 _918411
_aCandia Hidalgo, Roberto
245 1 3 _aEl lenguaje del violín
_cBenjamín Garrido ; profesora guía Sara Carrasco.
260 _aSantiago, Chile :
_bUniversidad Academia de Humanismo Cristiano,
_c2024.
300 _a64 páginas.
500 _aTesis para optar al grado de Licenciado/a en Artes.
502 _aTesis (Licenciatura en Artes) -- Universidad Academia del Humanismo Cristiano, 2024.
516 _aTesis electrónica (PDF). Solicitar documento de biblioteca@academia.cl.
520 _aEl presente proyecto se centra en proponer un análisis integral y multidisciplinario del Concierto para Violín Op.86 de Juan Orrego Salas, un destacado compositor chileno del siglo XX. Este estudio se enfocará en tres dimensiones clave: la histórica, la musical y la técnica. En primer lugar, el enfoque histórico investigará el contexto en el que Juan Orrego Salas compuso su "Concierto para Violín". Se explorará la vida y obra del compositor, así como los eventos culturales y sociales que influyeron en su creación. La revisión bibliográfica que realizaré permitirá comprender mejor las motivaciones y aspiraciones detrás de la obra, así como dar una noción clara para una interpretación rica, coherente y efectiva. En segundo lugar, el análisis musical se sumergirá en la partitura del concierto, desentrañando sus elementos estructurales, armónicos, melódicos y rítmicos. Se examinará la forma en que Orrego Salas utiliza el lenguaje musical para expresar sus ideas y emociones, y se comparará su estilo con otras composiciones de su repertorio. Finalmente, la dimensión técnica abordará las dificultades específicas que enfrentan los violinistas al interpretar esta obra. Se investigarán aspectos como la digitación, el arco, la afinación y la expresividad, y se propondrán enfoques prácticos para abordar los desafíos técnicos. A este punto le agregaré un proceso autoetnográfico, el cual implica la reflexión personal del investigador sobre su experiencia con la obra. Aquí, el intérprete (investigador) puede compartir sus percepciones al aprender y ejecutar el concierto, ofreciendo una perspectiva única y subjetiva, aportando una dimensión personal al proceso de investigación, enriqueciendo la comprensión y permitiendo una conexión más íntima con la obra. Se buscará brindar herramientas valiosas para los intérpretes interesados en abordar este concierto para violín de un gran compositor nacional de manera más efectiva y emotiva.
600 0 _aOrrego Salas, Juan
_d1919-2019
_923319
650 0 _aComposición musical
_93542
650 0 _aCompositores
_zChile
_ySiglo 20
_93735
700 _a Carrasco Segovia, Sara
_922178
_eprofesor guía
900 _aTPLA 117
942 _cTS
_2ddc
999 _c63611
_d63611